Calle mayor : historia de Carol Kennicott / [por] Sinclaire Lewis ; tr. por Carlos de Onis

Uloženo v:
Podrobná bibliografie
Hlavní autor: Lewis, Sinclaire (autor)
Médium: Kniha
Témata:
Tagy: Přidat tag
Žádné tagy, Buďte první, kdo vytvoří štítek k tomuto záznamu!

MARC

LEADER 00000nam^a2200000^u^4500
001 000546551
005 20250521000000.0
008 060220s1000^^^^^^^^^^^^r^^^^^000^0^spa^d
009 20260310131412.945
035 |a FMI 000016195 
037 |a Acervo Xavier Clavigero 
096 |a 3.6.2/27/E 
100 |a Lewis, Sinclaire  |e (autor) 
245 1 0 |a Calle mayor : historia de Carol Kennicott / [por] Sinclaire Lewis ; tr. por Carlos de Onis 
264 |a Buenos Aires : Anaconda, 1944 
300 |a 453 p. 
336 |a texto  |b txt  |2 rdacontenido 
337 |a sin mediación  |b n  |2 rdamedio 
338 |a volumen  |b nc  |2 rdasoporte 
649 |a XX 
650 |a PERSONAJES CELEBRES 2. BIOGRAFIAS 
910 |a Fondo Francisco Migoya Covarrubias S.J. 
920 |a Impresos - Libros 
930 |a Fondos Especiales 
905 |a 134 
901 |a SBC22991  |b IT2  |c ESP  |u 20250521 
902 |a https://opac.biblio.iteso.mx/vufind/Record/000546551